Quizzes
Events
Quiz Creation
Community
Videos
Private Events
Remove Ads
Sign In
Join for FREE
Feedback
Dark Mode
Quiz Categories
Sports
Geography
Music
Movies
Television
Just For Fun
Miscellaneous
History
Literature
Language
Science
Gaming
Entertainment
Religion
Holiday
For Kids
Quiz Lab
Recent
Popular Today
Quiz Kudos Today
Editor Picks
Curator Picks
Quizzes by...
Day
Popularity
Type
Ratings
Length
Year
Community
Subscriptions
Recent Discussions
Orange Saloon
Badges
Playlists
Quests
Create
Leaderboards
Showdown
Live 5
Trivia Bingo
Activity
Puzzle Library
Sporcle Events
Private Events
Virtual Trivia
Globe League
Become a Host
Pub Owners
SporcleCon
Opinionation
Our Games
Videos
Blog
Mobile Apps
Partnerships
Remove Ads and Go Orange
Feedback
History
US Presidents
World Leaders
Politics
Nation
Discovery
War
Decade
Year
Century
Biography
Art
History
US Presidents
World Leaders
Politics
Nation
Discovery
War
Decade
Year
Century
Biography
Art
Random Quiz
Search Sporcle
×
Quiz Lab
Quiz Lab
History
Affair
Type in answers that appear in a list
Type in answers that appear in a list
Classic
Best Score? Go Orange.
Chapter 12 Foreign Affairs Stats
How well do you remember America's early foreign policies?
By
njayd
5m
10 Questions
19 Plays
19 Plays
19 Plays
Comments
Comments
Give Quiz Kudos
Give Quiz Kudos
-
- Ratings
hide this ad
Replay
Link that replays current quiz
Next Quiz
Link to next quiz in quiz playlist
You Got
0%
They Got
Avg Score
41%
Avg Friend Score
Upgrade to see
Score Distribution
Jump to the score distribution portion of the page
Score
0/10
Timer
05:00
0
Plays Today
Question
Answer
% Correct
The continent being warned about 'further colonization' in the Monroe Doctrine...
Europe
63.2%
Washington's foreign policy that avoided agreements with other countries...
Isolationism
52.6%
The country doing the protecting in the Monroe Doctrine...
United States
52.6%
The country that was 'impressing' American sailors...
Britain
47.4%
A government order that stops merchant ships from leaving or entering the country...
Embargo
42.1%
Nickname for people like Henry Clay who were eager to go to war with Britain...
War Hawks
42.1%
Geberal who led the the victorious American force in the Battle of New Orleans...
Andrew Jackson
42.1%
The group of countries being protected in the Monroe Doctrine...
Latin America
36.8%
Area south of the Mediterranean Sea where many pirates attacked American ships...
Barbary Coast
26.3%
The type of payment X, Y, and Z demanded from U.S. envoys...
Tribute
10.5%
Quiz Playlist
Details
Report
Send in Message
Add To Playlist
Classic:
Type in answers that appear in a list
Last Updated: Feb 16, 2017
Quiz Scoreboard
CHALLENGE
Sign Up to Join the Scoreboard
Show All
Scores
Hide
Comments
May contain spoilers
Recently Published
An Introduction to Baseball
by treessimontrees
Sports
5m
Movies - When Are They Set?
by FPL_Elf
Movies
5m
Popular People in 1961
by mucciniale
History
6m
More to Explore
Quiz From the Vault
Featured Blog Post
Where Did the Easter Bunny Come From?
hide this ad
You Might Also Like...
Tags
Affair
America
Chapter
Early
foreign
Policy
Remember
Today's Top Quizzes in History
Browse History
hide this ad
Top Contributed Quizzes in History
1
Popular People in 1991
2
Popular People in 1981
3
Popular People in 1951
4
Popular People in 1941
5
Popular People in 1986
6
Popular People in 1976
7
Popular People in 1921
8
I Am Born On March 28th
9
Popular People in 1946
10
Popular People in 1936
Explore More
Trending Topics
NBA
Disney
Crossword
Harry Potter
Kpop
Anime
Marvel
NFL
Soccer
WWE
The Office
Song
Puzzle
Country
Pokémon
hide this ad
More By:
njayd
Quiz
Plays
Rating
Category
Featured
Created
Chapter 12 Foreign Affairs
19
History
Mar 2, 2014
Chapter 14 Jackson
1
History
Mar 4, 2014
Go to Creator's Profile
Score Distribution
Quiz Creator Spotlight
njayd
Follow
Send a Message
Quizzes Created
-
Created Quiz Play Count
-
More By This Creator
Popular Quizzes Today
1
Find the Countries of Europe - No Outlines Minefield
2
Find the US States - No Outlines Minefield
3
The Countries of the World
4
Popular People in 1961
5
US States
6
Find the US States
7
1-10 Letter E Words III
8
Risky Map Clicking: Biggest States A-Z
More History Quizzes
Missing Word: Churchill Quotes
Editor's Pick
Trending Quizzes
Risky Map Clicking: Least Populous States A-Z
1-10 Letter F Words
1-10 Letter G Words
One Thing in Common: United Kingdom
Risky Map Clicking: Next State Alphabetically
Recently Updated
Leaping Animals
pecheneg
Reality TV Shows (A-Z)
bhenderson79
Rickey Henderson's Hall of Fame Teammates
pecheneg
Champions League XIs: Arsenal
pecheneg
Quick Pick: Celebrities in WWE's Hall of Fame
aduchscher
A-Z Keypad Blitz II
pecheneg
Multiple Oscar Actors
pecheneg
Mystery Phrase Blitz: Oscar 'Best Actors'
pecheneg
F. Scott Fitzgerald Novels
LTH
Pick 3 Villains
ddd62291
Trending Topics
Crossword
Marvel
Harry Potter
Anime
Kpop
NBA
Disney
Puzzle
Country
Soccer
NFL
Song
WWE
The Office
Pokémon
Your Account Isn't Verified!
In order to create a playlist on Sporcle, you need to verify the email address you used during registration. Go to your
Sporcle Settings
to finish the process.
Report this User
Report this user for behavior that violates our
Community Guidelines
.
Details:
Send Report
Go to the Sporcle.com Mobile Site →
Comments